La scienza della legislazione.

Tallennettuna:
Bibliografiset tiedot
Päätekijä: Zachariae, Karl Salomo 1769-1843
Muut tekijät: Calvo, Roberto (a cura)
Aineistotyyppi: Kirja
Kieli:englanti
Julkaistu: Napoli, Italia: Edizioni Scientifiche Italiane, 2010.
Sarja:Il diritto e l'Europa. Collana di diritto e scienze sociali, 7.
Aiheet:
Tagit: Lisää tagi
Ei tageja, Lisää ensimmäinen tagi!

MARC

LEADER 00000nam a22000007a 4500
003 CL-VaPUC
005 20220822114436.0
008 220318t2010 ||||| |||| 00| 0 eng d
999 |c 434936  |d 434934 
020 |a 978-88-495-1969-3 
040 |c Pontificia Universidad Católica de Valparaíso 
082 7 |a 340.1 ZAC 2010  |2 22 
100 |a Zachariae, Karl Salomo  |9 867343  |d 1769-1843 
245 |a La scienza della legislazione.  
260 |a Napoli, Italia:   |b Edizioni Scientifiche Italiane,   |c 2010. 
300 |a XLIV, 119 páginas.  
490 |a Il diritto e l'Europa. Collana di diritto e scienze sociali,   |v  7. 
500 |a c.1 Donación Familia Prof. Alejandro Guzmán Brito. 
583 |c 20220318  |k Yessy Stephany Diaz Vidal 
650 |a Filosofía del derecho  |9 255050 
700 |a Calvo, Roberto  |e a cura   |9 867344 
942 |2 ddc  |c BK  |n 0 
952 |0 0  |1 0  |2 ddc  |4 0  |6 340_100000000000000_ZAC_2010  |7 1  |8 C_AGB  |9 581937  |a BIBDER  |b BIBDER  |d 2022-03-18  |e Donación   |i 5650176  |o 340.1 ZAC 2010  |p 5650176  |r 2023-01-25  |t 1  |w 2022-03-18  |y BK_US  |k AGB